000 00509nam a2200181Ia 4500
005 20250326125441.0
008 250326s9999 xx 000 0 und d
037 _aTextbook
040 _aFMSL
_beng
_cFMSL
041 _aeng
_2eng
084 _aY15:(X:89ZB) N9
_qFMSL
100 _aEade D
_9739105
245 0 _aDevelopment with women
_cEade D
260 _aUnited Kingdom
_bUnited Kingdom, Oxford GB
_c1999
300 _a208p
942 _cTB
_hY15:(X:89ZB) N9
999 _c1278116
_d1278116